Kanun Tanah Negara 1965 [Akta56/1965] : (mengandungi semua pindaan hingga 15hb Jun 2001)

Bibliographic Details
Corporate Author: Lembaga Penyelidikan Undang-undang
Format: Book
Published: Petaling Jayar : International Law Book Services , 2001
Subjects:

MARC

LEADER 00000cam a2200000 7i4500
001 0000009893
005 20070710.0
020 |a 9678911795 
040 |a INS 
090 0 0 |a KPG14 U5   |b K3 2001 
245 1 0 |a Kanun Tanah Negara 1965 [Akta56/1965] :   |b (mengandungi semua pindaan hingga 15hb Jun 2001)   |c disusun oleh Lembaga Penyelidikan Undang-Undang 
260 |a Petaling Jayar :   |b International Law Book Services ,   |c 2001 
300 |a xxiiip :   |b 463p ;   |c 24cm. 
650 0 0 |a Land tenure   |x Law and legislation   |z Malaysia 
650 0 0 |a Land use   |x Law and legislation   |z Malaysia 
650 0 0 |a Land, Nationalization of   |x Law and legislation   |z Malaysia 
710 2 |a Lembaga Penyelidikan Undang-undang 
999 |a 0000008872   |b BOOK   |c Open Shelf   |e Default branch 
999 |a 0000008873   |b BOOK   |c Open Shelf   |e Default branch 
999 |a 0000008874   |b BOOK   |c Open Shelf   |e Default branch